00641cam a2200205 i 450000100060000000300090000600500170001500800410003202000150007304000380008808200230012610000220014924500820017125000180025326400350027130000280030650400510033465000240038570000260040912756BD-DhUAP20200203163536.0200203s2003 ii gb 001 0 eng  a8171180272 aBD-DhUAPbEngeBD-DhUAPcBD-DhUAP 223a340.590954 HID aHidayatullah, M. 10aMulla principles of Mahomedan law /cM. Hidayatullah and Arshad Hidayatullah. a19th edition. 1aGurgaon :bLexisNexis,cc2009. alii, 346 pages ;c23 cm aIncludes bibliographical references and index. 0aIslamic lawzIndia. aHidayatullah, Arshad